Visualizzazione normale
Vista MARC
di Personal Name
Records bibliografici associati: 2
001 - CONTROL NUMBER
- control field: 4639
003 - CONTROL NUMBER IDENTIFIER
- control field: IT-RoPau
005 - DATE AND TIME OF LATEST TRANSACTION
- control field: 20131130121514.0
008 - FIXED-LENGTH DATA ELEMENTS
- fixed length control field: 131130|| aca||aabn | a|a d
040 ## - CATALOGING SOURCE
- Original cataloging agency: IT-RoPau
- Transcribing agency: IT-RoPau
100 ## - HEADING--PERSONAL NAME
- Personal name:
- Miscellaneous information: Codice autore musica SPICS: 23681
670 ## - SOURCE DATA FOUND
- Source citation: Work cat.: (IT-RoPau)101964: Pagani Mauro 4637, Per un amico (Lp Dzsln 55155)